The whipping boy / (Record no. 2267)

MARC details
000 -LEADER
fixed length control field 01049cam a2200301 a 4500
005 - DATE AND TIME OF LATEST TRANSACTION
control field 20250226152341.0
020 ## - INTERNATIONAL STANDARD BOOK NUMBER
International Standard Book Number 0688062164
020 ## - INTERNATIONAL STANDARD BOOK NUMBER
International Standard Book Number 9780439441421
040 ## - CATALOGING SOURCE
Original cataloging agency DLC
Transcribing agency DLC
Modifying agency DLC
Language of cataloging eng
050 00 - LIBRARY OF CONGRESS CALL NUMBER
Classification number PZ7.F5992
Item number Wh 1986
082 00 - DEWEY DECIMAL CLASSIFICATION NUMBER
Classification number 813.54
Edition number 19
100 1# - MAIN ENTRY--PERSONAL NAME
Personal name Fleischman, Sid
Dates associated with a name 1920-2010
245 14 - TITLE STATEMENT
Title The whipping boy /
Statement of responsibility, etc. by Sid Fleischman ; illustrations by Peter Sis
250 ## - EDITION STATEMENT
Edition statement First Scholastic printing, September 2002
260 ## - PUBLICATION, DISTRIBUTION, ETC.
Place of publication, distribution, etc. New York :
Name of publisher, distributor, etc. Scholastic,
Date of publication, distribution, etc. 1986
300 ## - PHYSICAL DESCRIPTION
Extent 90 pages ;
Dimensions 19 cm
Other physical details illustrations
505 ## - FORMATTED CONTENTS NOTE
Formatted contents note K
520 ## - SUMMARY, ETC.
Summary, etc. A bratty prince and his whipping boy have many adventures when they inadvertently trade places after becoming involved with dangerous outlaws.
521 ## - TARGET AUDIENCE NOTE
Target audience note 570
Source Lexile
521 ## - TARGET AUDIENCE NOTE
Target audience note K
Source Raz-Plus
650 #1 - SUBJECT ADDED ENTRY--TOPICAL TERM
Topical term or geographic name entry element Robbers and outlaws
Form subdivision Fiction.
650 #1 - SUBJECT ADDED ENTRY--TOPICAL TERM
Topical term or geographic name entry element Adventure and adventurers
Form subdivision Fiction.
655 #7 - INDEX TERM--GENRE/FORM
Genre/form data or focus term Juvenile literature
Chronological subdivision 1986.
Source of term rbgenr
700 1# - ADDED ENTRY--PERSONAL NAME
Personal name Sís, Peter
Dates associated with a name 1949-
Relator term illustrator
906 ## - LOCAL DATA ELEMENT F, LDF (RLIN)
a 7
b cbc
c orignew
d 1
e ocip
f 19
g y-gencatlg
942 ## - ADDED ENTRY ELEMENTS (KOHA)
Source of classification or shelving scheme Dewey Decimal Classification
Koha item type Books
Suppress in OPAC No
999 ## -
-- 2267
-- 2267
Holdings
Withdrawn status Lost status Source of classification or shelving scheme Damaged status Not for loan Collection Home library Current library Shelving location Date acquired Total Checkouts Full call number Barcode Date last seen Copy number Price effective from Koha item type Date last checked out
    Dewey Decimal Classification     Juvenile Fiction Footprints International School Library Network Toul Kork Campus Footprints International School Library Network Toul Kork Campus TK Primary Library Room(4th Floor), Bookcase 3&4, Shelves 17-32, Yellow Books 11/14/2023   FLE 813.54 PZ7.F5992 FISTK00452 11/14/2023 1 11/14/2023 Books  
    Dewey Decimal Classification     Juvenile Fiction Footprints International School Library Network Toul Kork Campus Footprints International School Library Network Toul Kork Campus TK Primary Library Room(4th Floor), Bookcase 3&4, Shelves 17-32, Yellow Books 11/17/2023 1 FLE 813.54 PZ7.F5992 FISTK00453 01/11/2024 2 11/14/2023 Books 11/23/2023
    Dewey Decimal Classification     Juvenile Fiction Footprints International School Library Network Toul Kork Campus Footprints International School Library Network Toul Kork Campus TK Primary Library Room(4th Floor), Bookcase 3&4, Shelves 17-32, Yellow Books 11/17/2023   FLE 813.54 PZ7.F5992 2025-0038 01/16/2025 3 11/14/2023 Books  
    Dewey Decimal Classification     Juvenile Fiction Footprints International School Library Network Toul Kork Campus Footprints International School Library Network Toul Kork Campus TTP Primary Yellow Bookshelves 02/26/2025   FLE 813.54 PZ7.F5992 2025-0700 02/26/2025 4 02/26/2025 Books  
    Dewey Decimal Classification     Juvenile Fiction Footprints International School Library Network Toul Kork Campus Footprints International School Library Network Toul Kork Campus TK Primary Library Room(4th Floor), Bookcase 3&4, Shelves 17-32, Yellow Books 03/07/2025   FLE 813.54 PZ7.F5992 FISTK00360 03/07/2025 5 03/07/2025 Books